| 000 | 00689nam a2200133Ia 4500 | ||
|---|---|---|---|
| 008 | 160809s9999 xx 000 0 und d | ||
| 100 | _aShippen, Margaret E. | ||
| 245 | _aCLASSROOM STRUCTURE AND TEACHER EFFICACY IN SERVING STUDENTS WITH DISABILITIES: DIFFERENCES IN ELEMENTARY AND SECONDARY TEACHERS | ||
| 245 | _cMargaret E. Shippen Margaret M. Flores Auburn University Steven A. Crites Northern Kentucky University DaShaunda Patterson Michelle L. Ramsey David E. Houchins Kristine Jolivette Georgia Stat. | ||
| 260 | _bInternational Journal of Special Education | ||
| 260 | _c2011 | ||
| 650 | _xSPECIAL EDUCATION | ||
| 856 | _uhttp://www.internationaljournalofspecialed.com/issues.php | ||
| 999 |
_c300424 _d300424 |
||